| 000 | 01212nam a22002897a 4500 | ||
|---|---|---|---|
| 999 |
_c152422 _d152422 |
||
| 005 | 20181022131946.0 | ||
| 010 | _aENG-103070 B-710610 | ||
| 020 |
_a9780070702530 _c620.00 |
||
| 035 | _aB-694036 | ||
| 035 | _aB-710610 | ||
| 037 | _bR.K.Books | ||
| 082 | _a621.4022 | ||
| 100 | _aNag, P.K. | ||
| 245 |
_aHeat and mass transfer / _cby P.K. Nag |
||
| 250 | _a3rd ed. | ||
| 260 |
_aNew Delhi _bTata McGraw Hill _c2017 |
||
| 260 |
_aNew Delhi _bMcGraw Hill Education _c2017 |
||
| 270 |
_a7, West Patel Nagar _bNew Delhi _e110008 |
||
| 270 |
_aPlot No.16, Main Loni Road, Jawahar Nagar Industrial Area,Shahdara _bNew Delhi _e110094 |
||
| 270 |
_a444/1, Sri Ekambara Naicker Industrial Estate, Alapakkam, Porur _bChennai _e600116 |
||
| 300 |
_axvi, 798p. _c24 cm.(pbk) |
||
| 500 | _a Rashtrpati-2 | ||
| 500 | _aIncludes bibliographical references and index | ||
| 942 |
_2ddc _cEN _mNAG _h621.4022 |
||